000 00574nam a22002177a 4500
003 UA-OsUOA
001 45278
007 ta
008 20070411b un ||||| |||| 00| 0 ukr d
100 _aСюндюков І.
090 _a82
_bС-11
942 _cSA
040 _aUA-OsUOA
_bukr
_cUA-OsUOA
_dUA-OsUOA
245 _aДе не стоятиму - вистою/ Подвиг Василя Стуса
300 _aС.6-7
955 _a0
041 _aukr
080 _a82
773 0 _w45277
650 7 _a82 Література. Літературознавство
_2UDC
999 _c331371
_d331371